000 03001nam0a2200445 4500
001 RU\NLR\bibl\608274
005 20250610143606.0
021 _aRU
_b2004-40892
_92030
035 _aRSL-KNO-002451443
035 _a(NLR Aleph) 000600187
090 _a1767186
_c1767186
100 _a20040713d1997 |||y0rusy50 ca
101 0 _arus
102 _aRU
105 _aa |||||||||
106 _ar
200 1 _aЭталон тельбесского габбро-гранитоидного комплекса (Горная Шория)
_fВ.Л. Хомичев, Е.В. Кужельная, Е.С. Хомичева
_gнауч. ред. д.г.-м.н. А.Ф. Белоусов
_gМ-во природ. ресурсов Рос. Федерации, Сиб. науч.-исслед. ин-т геологии, геофизики и минер. сырья (СНИИГГиМС)
210 _aНовосибирск
_cСНИИГГиМС
_d1997
_eРотапринт СНИИГГиМСа
215 _a[1],229 с., [1] л. табл.
_cил.
_d21
_e[1] отд. л. прил.
225 1 _aЭталоны магматических комплексов Сибири
300 _aНа 2-й с. 3-й авт.: Е.С. Хомичева к.г.-м.н.
300 _aПрил.: Геологическая карта Тельбесского района: масштаб 1:200000: по материалам ГП "Запсибгеология" с доп. авторов
320 _aБиблиогр.: с. 219-229 (154 назв.)
464 0 _12001#$aГеологическая карта Тельбесского района$eмасштаб 1:200000$eпо материалам ГП "Запсибгеология" с доп. авторов
_tГеологическая карта Тельбесского района
606 0 _aГаббро-гранитоиды
_yГорная Шория (Сибирь Западная)
_92362854
_3RU\NLR\auth\661410850
610 0 _aНауки о Земле (геодезические, геофизические, геологические и географические науки) -- Региональный раздел наук о Земле -- Российская Федерация -- Кемеровская область -- Геологическая характеристика -- Петрография магматических горных пород
686 _aД9(2Р53-4Ке)342,0
_2rubbk
686 _aД342.142.1-09(2Р53-4Ке)
686 _aД342.16-09(2Р53-4Ке)
700 1 _aХомичев
_bВ. Л.
_gВалентин Леонидович
_4070
701 1 _aКужельная
_bЕ. В.
_gЕлена Владимировна
_4070
701 1 _aХомичева
_bЕ. С.
_f1945-
_gЕкатерина Самойловна
_4070
801 0 _aRU
_bRuMoRKP
_c20040713
_grcr
801 1 _aRU
_bRuMoRGB
_c20040713
801 2 _aRU
_bNLR
_c20050210
_gPSBO
830 _aАвт. по кн.
942 _cBOOK
980 _aNB